| 000 | 00556nam a2200193Ia 4500 | ||
|---|---|---|---|
| 008 | 191130s2002##################000#0#eng## | ||
| 020 | _a9781580420754 | ||
| 022 | _a2002105876 | ||
| 040 |
_aACL _cACL |
||
| 082 | _a794.12 ROB | ||
| 100 | _aRobertie, Bill | ||
| 245 |
_aWinning chess tactics : learn the secrets of tactical chess today! _cBill Robertie |
||
| 260 |
_aBrooklyn, NY _bCardoza Publishing _c2002 |
||
| 300 | _a144 p. : ill. ; 22 cm | ||
| 650 | _aChess | ||
| 990 | _a9af525d8ac10000c59e2879eb0b16ae2 | ||
| 991 | _a335309 | ||
| 999 |
_c97136 _d97136 |
||